Statistiken für Länder mit der kürzesten Küstenlinie

Klicken Sie hier um das Quiz zu spielen!

Allgemein

  • Dieses Quiz wurde 531 mal gespielt
  • Das Durchschnittsergebnis liegt bei 6 aus 11

Antwortstatistiken

Km#Land% Korrekt
4.1EuropaMonaco
92%
20EuropaBosnien und Herzegowina
80%
46.6EuropaSlowenien
75%
30OzeanienNauru
73%
80AfrikaGambia
66%
66.5EuropaBelgien
57%
24OzeanienTuvalu
57%
56AfrikaTogo
53%
37AfrikaDemokratische Republik Kongo
38%
26AsienJordanien
31%
58AsienIrak
27%

Verteilung der Resultate

Perzentil nach korrekt beantworteten Fragen

Anzahl Personen mit jedem Resultat

Ihre Resultats-Entwicklung

Sie haben dieses Quiz noch nicht gespielt